Central Library OPAC University of Rajshahi

সেলেটী ভাষাতত্ত্বের ভূমিকা / (Record no. 62014)

MARC details
000 -LEADER
fixed length control field 00988nam a2200229 a 4500
001 - CONTROL NUMBER
control field 62014
003 - CONTROL NUMBER IDENTIFIER
rucl marc code BD-RjUL
005 - DATE AND TIME OF LATEST TRANSACTION
control field 20211209081032.0
008 - FIXED-LENGTH DATA ELEMENTS--GENERAL INFORMATION
fixed length control field 170122s1961 ii ||||| |||| 00| 0 ben d
020 ## - INTERNATIONAL STANDARD BOOK NUMBER
Terms of availability : TK 4.00
035 ## - SYSTEM CONTROL NUMBER
System control number (BD-RjUL)62139
040 ## - CATALOGING SOURCE
Original cataloging agency BD-RjUL
Language of cataloging ben
Transcribing agency BD-RjUL
041 ## - LANGUAGE CODE
Language code of text/sound track or separate title ben
082 ## - DEWEY DECIMAL CLASSIFICATION NUMBER
Edition number 23
Classification number 491.440954926
Author mark and year LAS 1961
100 ## - MAIN ENTRY--PERSONAL NAME
Personal name লাহিড়ী, শিবপ্রসন্ন
9 (RLIN) 177439
245 10 - TITLE STATEMENT
Title সেলেটী ভাষাতত্ত্বের ভূমিকা /
Statement of responsibility, etc. শিবপ্রসন্ন লাহিড়ী
260 ## - PUBLICATION, DISTRIBUTION, ETC. (IMPRINT)
Place of publication, distribution, etc. ঢাকা :
Name of publisher, distributor, etc. বাংলা একাডেমী,
Date of publication, distribution, etc. ১৯৬১ [১৩৬৮]
300 ## - PHYSICAL DESCRIPTION
Pagination ১৬০ পৃ. ;
Size ২৩ সেমি.
650 ## - SUBJECT ADDED ENTRY--TOPICAL TERM
Topical term or geographic name as entry element বাংলা ভাষা
General subdivision ইতিহাস ও সমালোচনা
9 (RLIN) 184523
Geographic subdivision বাংলাদেশ (সিলেট)
Topical term or geographic name as entry element Bengali Language
General subdivision History & criticism
9 (RLIN) 184524
Geographic subdivision Bangladesh (Sylhet)
942 ## - ADDED ENTRY ELEMENTS (KOHA)
Source of classification or shelving scheme Dewey Decimal Classification
Koha item type Books
Holdings
Lost status Source of classification or shelving scheme Damaged status Not for loan Collection code Permanent Location Current Location Shelving location Date acquired Source of acquisition Cost, normal purchase price Total Checkouts Full call number Date last seen Copy number Koha item type
  Dewey Decimal Classification   Not For Loan Non-fiction Central Library, University of Rajshahi Central Library, University of Rajshahi Reading Room 18/01/1965 Dhaka, Ideal library 4.00   B 491.440954926 LAS 1961 22/01/2017 C-1 Books